000 01109naa a2200289 c 4500
001 49219
999 _c49219
_d49219
003 ES-MaCES
005 20170418110228.0
008 170418s2016 sp ||||| t||||||| ||spa d
040 _aES-MaCES
_bspa
_cES-MaCES
_dES-MaCES
100 1 _921721
_aRamos Quintana, Margarita Isabel
245 1 3 _aEl Pilar Europeo de Derechos Sociales
_b: ¿nos ponemos serios?
_cMargarita Isabel Ramos Quintana
650 4 _927029
_apolítica social
650 4 _929875
_aderechos económicos y sociales
650 4 _930270
_afomento del empleo
650 4 _928327
_acondiciones de trabajo
650 4 _929076
_aprotección social
650 4 _929342
_aingreso garantizado
650 4 _930648
_alucha contra la pobreza
650 4 _930665
_aCarta Social Europea
650 4 _930776
_apolítica comunitaria
650 4 _926752
_aUE
653 1 0 _aAsuntos Sociales
773 0 _985681
_dLas Rozas, Madrid Wolters Kluwer España 2015-
_o088579
_tTrabajo y derecho
_w(ES-MaCES)45892
_gn. 24 (dic. 2017) {55/1129 R. 088579} ;p. 11-14
902 _aART Artículo de revista
942 _2CES
_cAR
_h3.3.